000 01658nam a2200241 a 4500
005 20160601121708.0
008 140124b2005 ck ||||| |||| 00| 0 spa d
040 _cCO-BoIH
041 _aspa
044 _ack
090 _aIAVH
_b00432
100 _aVargas Franco, Ana María
_92775
245 _aEstudio de caracterización socioeconómica, cultural e institucional de una ventana de paisaje rural ganadero en la Cuenca del Río Nima (Palmira Valle del Cauca)
_binforme de revisión
260 _aBogotá
_bInstituto Alexander von Humboldt
_c2005
300 _a12 p.
520 _aSe presentan 1) comentarios al documento final, sobre: metodología, forma, análisis económico, institucional y de política, y generales. 2) Informe de revisión al documento dos: "Estudio de viabilidad social y económica de cercas vivas en Salento (Quindío)". Se hacen recomendaciones y sugerencias al documento uno: línea de base y metodología de la investigación. Al documento dos: análisis económico e institucional de instrumentos de política; evaluación financiera, económica y social; representaciones y manifestaciones sociales; factores facilitadores y obstaculizadores de HMP y registro fotográfico. Al anexo 1: caracterización físico-ambiental y socioeconómica de la CARQ, anexo 4: descripción de la técnica; anexo 8: Base datos sistemas productivos - subsistemas pecuarios - consumo de leña en dos predios de la CARQ
650 _aEstudio de caracterización
_95009
650 _aVentana de paisaje rural
_95010
650 _aEstudio de viabilidad
_95011
650 _95012
_aCerca viva
942 _cINFORME
_2z
945 _d2005-11-11
999 _c4799
_d4799